The Site of 'Am'Adiya near mukeiras on the Audhali Plateau, South West Arabia /

محفوظ في:

المؤلف الرئيسي: Doe, D. Brian (مؤلف)

التنسيق: كتاب

اللغة: English

منشور في: Aden : [publisher not identified], 1963.

سلاسل: ADEN Department of Antiquities, Bulletin ; 2.

الموضوعات:

الوسوم: إضافة وسم

لا توجد وسوم, كن أول من يضع وسما على هذه التسجيلة!

رقم الطلب: DT243 .A143 D64

LEADER 00730nam a22002177a 4500
003 OSt
005 20260420164806.0
008 260420t1963 ys f 000 0 eng d
040 |c ARCE Library 
043 |a ar----- 
050 1 4 |a DT243 .A143  |b D64 
100 1 |a Doe, D. Brian,  |e author  |9 29102 
245 1 4 |a The Site of 'Am'Adiya near mukeiras on the Audhali Plateau, South West Arabia /  |c by D. B. Doe. 
264 1 |a Aden :   |b [publisher not identified],  |c 1963. 
300 |a 15, 12 pages :   |b plates ;   |c 25 cm. 
490 1 |a ADEN Department of Antiquities, Bulletin ;  |v 2. 
651 0 |a Arabia, Southern  |x Antiquities. 
830 0 |a ADEN Department of Antiquities, Bulletin ;   |v 2. 
901 |a reviewed 
942 |c BK  |2 lcc 
999 |c 14955  |d 14955